000
00324nam a2200109Ia 4500
008
200302s9999 xx 000 0 und d
100
_a
Edmundo werna and Others
245
_a
Corporate social responsibility and urban development lessons from the south
260
_b
Macmillan Publishers Ltd.,
260
_c
2009
300
_a
245
999
_c
6254
_d
6254